Countries of Greater Iran - Statistics

General Stats
  • This quiz has been taken 84 times
  • The average score is 14 of 16
Answer Stats
% Country % Correct
70 Iraq
99%
100 Afghanistan
96%
60 Pakistan
92%
100 Turkmenistan
92%
10 Syria
90%
100 Armenia
89%
100 Azerbaijan
89%
100 Tajikistan
89%
25 Turkey
89%
100 Uzbekistan
89%
1 Russia
84%
60 Georgia
82%
30 Kyrgyzstan
82%
2 Kazakhstan
77%
100 Iran
75%
2 China
64%
No matching quizzes found
Score Distribution
Percent of People with Each Score
Percentile by Number Answered
Your Score History
You have not taken this quiz